Minor illness or major disease? : (Record no. 5279)

000 -LEADER
fixed length control field 01213cam a2200337 a 4500
001 - CONTROL NUMBER
control field 2479678
003 - CONTROL NUMBER IDENTIFIER
control field ALUPE UNIVERSITY
005 - DATE AND TIME OF LATEST TRANSACTION
control field 20220406092040.0
008 - FIXED-LENGTH DATA ELEMENTS--GENERAL INFORMATION
fixed length control field 960710s2000 enka 001 0 eng u
020 ## - INTERNATIONAL STANDARD BOOK NUMBER
International Standard Book Number 0853694478
035 ## - SYSTEM CONTROL NUMBER
System control number ocm44456439
040 ## - CATALOGING SOURCE
Language of cataloging eng
Modifying agency AEU
Transcribing agency ALUPE UNIVERSITY
050 ## - LIBRARY OF CONGRESS CALL NUMBER
Classification number RM301
Item number .E39 2000
090 ## - LOCALLY ASSIGNED LC-TYPE CALL NUMBER (OCLC); LOCAL CALL NUMBER (RLIN)
Classification number (OCLC) (R) ; Classification number, CALL (RLIN) (NR) RS 92 E39 2000
Local cutter number (OCLC) ; Book number/undivided call number, CALL (RLIN) AEU
100 1# - MAIN ENTRY--PERSONAL NAME
Personal name Edwards, Clive.
245 10 - TITLE STATEMENT
Title Minor illness or major disease? :
Remainder of title responding to symptoms in the pharmacy /
Statement of responsibility, etc. Clive Edwards and Paul Stillman.
250 ## - EDITION STATEMENT
Edition statement 3rd ed.
260 ## - PUBLICATION, DISTRIBUTION, ETC.
Place of publication, distribution, etc. London :
Name of publisher, distributor, etc. Pharmaceutical Press,
Date of publication, distribution, etc. c2000.
300 ## - PHYSICAL DESCRIPTION
Extent 210 p. :
Other physical details ill. (chiefly col.) ;
Dimensions 25 cm.
336 ## - CONTENT TYPE
Content type term text
Content type code txt
Source rdacontent
337 ## - MEDIA TYPE
Media type term unmediated
Media type code n
Source rdamedia
338 ## - CARRIER TYPE
Carrier type term volume
Carrier type code nc
Source rdacarrier
500 ## - GENERAL NOTE
General note Based on a collection of articles which originally appeared in The Pharmaceutical Journal.
504 ## - BIBLIOGRAPHY, ETC. NOTE
Bibliography, etc. note Includes index.
583 1# - ACTION NOTE
Action committed to retain
Time/date of action 20170930
Action interval 20421231
Authorization HathiTrust
Uniform Resource Identifier <a href="https://www.hathitrust.org/shared_print_program">https://www.hathitrust.org/shared_print_program</a>
Institution to which field applies AEU
Public note HathiTrust Shared Print commitment 2017
650 #0 - SUBJECT ADDED ENTRY--TOPICAL TERM
Topical term or geographic name entry element Pharmacy.
650 #0 - SUBJECT ADDED ENTRY--TOPICAL TERM
Topical term or geographic name entry element Diseases.
700 1# - ADDED ENTRY--PERSONAL NAME
Personal name Stillman, P.
730 0# - ADDED ENTRY--UNIFORM TITLE
Uniform title Pharmaceutical journal.
942 ## - ADDED ENTRY ELEMENTS (KOHA)
Source of classification or shelving scheme
Koha item type Book
Suppress in OPAC CM
Holdings
Withdrawn status Lost status Source of classification or shelving scheme Damaged status Not for loan Permanent Location Current Location Shelving location Date acquired Source of acquisition Total Checkouts Full call number Barcode Date last seen Price effective from Koha item type Public note
          AU LIBRARY AU LIBRARY Open Shelf 06.04.2022 DONATION FROM MOI UNIVERSITY   RM301 .E39 2000 28011859 06.04.2022 06.04.2022 Book CM

Powered by Koha